[Event "Turkish Cup 2017"]
[Site "masterchessopen.com Antalya TUR"]
[Date "2017.02.01"]
[Round "7.4"]
[White "Haznedaroglu,K"]
[Black "Koc,I"]
[Result "1-0"]
[WhiteElo "2501"]
[BlackElo "2050"]

1. e4 d5 2. exd5 Nf6 3. d4 Nxd5 4. c4 Nb6 5. Nf3 g6 6. Nc3 Bg7 7. h3 O-O 8.
Be3 Nc6 9. Be2 e5 10. d5 Ne7 11. a4 Nf5 12. Bg5 f6 13. Bc1 Qe7 14. a5 Nd7 15.
O-O e4 16. Nd2 Nd6 17. Nb3 Nf7 18. Be3 f5 19. c5 Qh4 20. f4 exf3 21. Bxf3 Nde5
22. Ra4 Qd8 23. Be2 g5 24. Nd4 f4 25. Bf2 g4 26. Ne6 Bxe6 27. dxe6 Ng5 28.
Bxg4 Qxd1 29. Bxd1 Nxe6 30. Bb3 Rae8 31. Re4 Kh8 32. h4 c6 33. Rfe1 Nc7 34.
Rb4 Nd3 35. Rxe8 Rxe8 36. Rxb7 Na6 37. Rxa7 Naxc5 38. Bf7 Rb8 39. Nd1 Nxf2 40.
Kxf2 Bd4+ 41. Ke2 Nb7 42. Ra6 Kg7 43. Bc4 Re8+ 44. Kd3 Rd8 45. Kc2 Be3 46.
Nxe3 Nd6 47. Ra7+ Kf8 48. Rxh7 {#r} 1-0

[Event "PRO League Central 2017"]
[Site "masterchessopen.com chess.com INT"]
[Date "2017.02.01"]
[Round "4"]
[White "Jones,G"]
[Black "Thorhallsson,T"]
[Result "1-0"]
[WhiteElo "2665"]
[BlackElo "2414"]

1. e4 d5 2. exd5 Nf6 3. Nf3 Nxd5 4. d4 g6 5. c4 Nb6 6. Nc3 Bg7 7. c5 Nd5 8.
Bc4 c6 9. Qb3 e6 10. Bg5 Qc7 11. Ne4 O-O 12. O-O Nd7 13. Bxd5 cxd5 14. Nd6 b6
15. Nb5 Qc6 16. cxb6 Qxb6 17. Rfc1 Rb8 18. Nc7 Qd6 19. Nb5 Qb6 20. Be7 Re8 21.
Nd6 Rxe7 22. Nxc8 Qd8 23. Nxe7+ Qxe7 24. Qa3 Qxa3 25. bxa3 Nb6 26. Rab1 g5 27.
Rc7 g4 28. Ne5 Bxe5 29. dxe5 Rd8 30. Rxa7 Nc4 31. Rab7 Kg7 32. Rb8 Rd7 33.
R1b7 Rxb7 34. Rxb7 Nxa3 {#r} 1-0

[Event "PRO League Pacific 2017"]
[Site "masterchessopen.com chess.com INT"]
[Date "2017.02.01"]
[Round "4"]
[White "Xiong,Jeffery"]
[Black "Wahl,Jackson B"]
[Result "1-0"]
[WhiteElo "2667"]
[BlackElo "2147"]

1. e4 d5 2. exd5 Qxd5 3. Nc3 Qa5 4. d4 c6 5. Bc4 Bf5 6. Nf3 e6 7. Bd2 Nf6 8.
Nd5 Qd8 9. Nxf6+ gxf6 10. c3 Nd7 11. Nh4 Bg6 12. Qe2 Qc7 13. g3 O-O-O 14. O-O
Bd6 15. a4 f5 16. b4 f4 17. b5 c5 18. a5 fxg3 19. fxg3 Bxg3 20. hxg3 Qxg3+ 21.
Ng2 Rhg8 22. b6 a6 23. Bxa6 Bh5 24. Qe4 bxa6 25. b7+ {#r} 1-0

[Event "Gibraltar Masters 2017"]
[Site "masterchessopen.com Caleta ENG"]
[Date "2017.02.02"]
[Round "10.22"]
[White "Santos Ruiz,Miguel"]
[Black "Zvjaginsev,V"]
[Result "1-0"]
[WhiteElo "2484"]
[BlackElo "2679"]

1. e4 Nf6 2. e5 Nd5 3. d4 d6 4. c4 Nb6 5. exd6 cxd6 6. Nc3 g6 7. Be3 Bg7 8.
Rc1 O-O 9. Nf3 Bg4 10. Be2 d5 11. c5 Nc8 12. Qb3 Qc7 13. Nxd5 Qd7 14. Ne5 Bxe5
15. Bxg4 e6 16. Nc3 Bg7 17. d5 Ne7 18. dxe6 Qc7 19. exf7+ Kh8 20. O-O Nbc6 21.
Rfe1 Nf5 22. Bxf5 gxf5 23. Nb5 Qxf7 24. Qxf7 Rxf7 25. Nd6 Rff8 26. b3 f4 27.
Bd2 f3 28. Bc3 Rab8 29. Bxg7+ Kxg7 30. Rc4 fxg2 31. Kxg2 Kh8 32. Re3 b6 33.
cxb6 Rxb6 34. Rg4 Nd8 35. Rd3 Ne6 36. Nc4 h5 37. Nxb6 hxg4 38. Nd5 Kg7 39. Rg3
Kg6 40. Rxg4+ Kf5 41. Ne3+ Ke5 42. Ra4 Nf4+ 43. Kf3 Nh5+ 44. Kg4 Nf6+ 45. Kh3
Ne4 46. Ng4+ Kf5 47. Rxa7 Ng5+ 48. Kg3 Ne4+ 49. Kg2 {#r} 1-0

[Event "Turkish Cup 2017"]
[Site "masterchessopen.com Antalya TUR"]
[Date "2017.01.31"]
[Round "6.7"]
[White "Alaslar,D"]
[Black "Haznedaroglu,K"]
[Result "0-1"]
[WhiteElo "2071"]
[BlackElo "2501"]

1. e4 Nf6 2. e5 Nd5 3. d4 d6 4. c4 Nb6 5. exd6 exd6 6. Nc3 Be7 7. Bd3 Nc6 8.
Nge2 Bg4 9. f3 Bh5 10. Nf4 Bg6 11. Nxg6 hxg6 12. O-O Bf6 13. Be3 Bxd4 14. Bxd4
Nxd4 15. Bxg6 Ne6 16. Qe2 Qf6 17. Be4 O-O-O 18. Rfd1 Nf4 19. Qf2 Qg5 20. Qg3
Qf6 21. Rac1 Kb8 22. b3 Rh5 23. Rd2 Rdh8 24. Nb5 Rxh2 25. Qxh2 Rxh2 26. Kxh2
Qh6+ {#R} 0-1

[Event "Turkish Cup 2017"]
[Site "masterchessopen.com Antalya TUR"]
[Date "2017.02.01"]
[Round "7.18"]
[White "Yazici,Ugur Doga"]
[Black "Akdogan,Alperen"]
[Result "1-0"]
[WhiteElo "2094"]
[BlackElo "2175"]

1. e4 Nf6 2. e5 Nd5 3. d4 d6 4. Nf3 g6 5. Bc4 Nb6 6. Bb3 Bg7 7. O-O O-O 8. a4
a5 9. Qe2 Nc6 10. c3 Bg4 11. exd6 exd6 12. Be3 Qd7 13. Nbd2 Be6 14. Bxe6 fxe6
15. Ne4 Rae8 16. Rfe1 Nd5 17. Rad1 h6 18. Qc2 Qf7 19. Qb3 Nd8 20. Rd2 g5 21.
Rde2 Qg6 22. Nfd2 b6 23. Qa2 Nf4 24. Bxf4 Rxf4 25. d5 e5 26. b4 g4 27. Qc4 Re7
28. Rb1 axb4 29. cxb4 Qe8 30. a5 Qa4 31. g3 Rf8 32. Nc3 Qd7 33. Nde4 Nf7 34.
a6 Ra8 35. Ra1 Qc8 36. b5 Nd8 37. Na2 Rf7 38. Rc1 Qd7 39. Rec2 Ra7 40. Nb4 Kf8
41. Rc3 Qf5 42. Qe2 h5 43. Rf1 Bh6 44. f3 Kg7 {#r} 1-0

[Event "PRO League Central 2017"]
[Site "masterchessopen.com chess.com INT"]
[Date "2017.02.01"]
[Round "4"]
[White "Lapite,Oluwadurotimi"]
[Black "Degraeve,JM"]
[Result "0-1"]
[WhiteElo "2067"]
[BlackElo "2591"]

1. e4 Nf6 2. e5 Nd5 3. d4 d6 4. Nf3 dxe5 5. Nxe5 c6 6. Bd3 Nd7 7. Nf3 N7f6 8.
c3 Bg4 9. h3 Bh5 10. O-O e6 11. Nbd2 Be7 12. Nc4 O-O 13. Nce5 c5 14. g4 Bg6
15. Nxg6 hxg6 16. Bg5 Qc7 17. Bh4 Nf4 18. Ng5 Nh7 {#R} 0-1

[Event "Gibraltar Masters 2017"]
[Site "masterchessopen.com Caleta ENG"]
[Date "2017.02.01"]
[Round "9.61"]
[White "Docx,S"]
[Black "De Haan,E"]
[Result "1-0"]
[WhiteElo "2405"]
[BlackElo "2319"]

1. Nf3 d6 2. d4 g6 3. e4 Bg7 4. Be2 c5 5. c3 Nd7 6. O-O b6 7. Re1 Bb7 8. Nbd2
Qc7 9. h3 e6 10. Nc4 d5 11. exd5 Bxd5 12. Nce5 Ngf6 13. Bf4 Qb7 14. Qa4 O-O
15. Ba6 Qc7 16. Nxg6 Qd8 17. Nxf8 Nxf8 18. dxc5 Bxf3 19. gxf3 Nd5 20. Bg3 Qf6
21. Bb7 {#r} 1-0

[Event "13th Moscow Open A 2017"]
[Site "masterchessopen.com Moscow RUS"]
[Date "2017.02.02"]
[Round "6.10"]
[White "Korchmar,V"]
[Black "Vavulin,M"]
[Result "0-1"]
[WhiteElo "2415"]
[BlackElo "2604"]

1. d4 g6 2. e4 Bg7 3. Nc3 a6 4. f4 b5 5. Nf3 d6 6. Bd3 Nd7 7. a4 b4 8. Ne2 a5
9. O-O Nb6 10. f5 c5 11. b3 cxd4 12. Bb2 Nf6 13. Bxd4 O-O 14. Qe1 Ba6 15. Qh4
Nbd7 16. Nf4 Re8 17. Kh1 Nf8 18. Nd5 N8d7 19. fxg6 hxg6 20. Ng5 Bxd3 21. cxd3
Rc8 22. Rac1 Ne5 23. Rxc8 Qxc8 24. h3 Ned7 25. Nxf6+ exf6 26. Qh7+ Kf8 27. Kh2
Ne5 28. Bxe5 Rxe5 29. h4 fxg5 30. Qxg6 Qe6 31. Qh7 gxh4 32. Qxh4 Qh6 {#R} 0-1

[Event "13th Moscow Open B w 2017"]
[Site "masterchessopen.com Moscow RUS"]
[Date "2017.02.03"]
[Round "7.5"]
[White "Bodnaruk,A"]
[Black "Maltsevskaya,Aleksandra"]
[Result "1-0"]
[WhiteElo "2463"]
[BlackElo "2273"]

1. e4 g6 2. d4 Bg7 3. Nc3 d6 4. Be3 Nf6 5. Qd2 O-O 6. O-O-O c6 7. f3 b5 8. g4
Qa5 9. Kb1 b4 10. Nce2 e5 11. dxe5 dxe5 12. Nc1 Be6 13. Nh3 Na6 14. Nb3 Bxb3
15. axb3 Rad8 16. Qc1 Nc5 17. Bc4 Nb7 18. Rxd8 Rxd8 19. Rd1 Nd6 20. Bf1 Nc8
21. Nf2 Bf8 22. g5 Nh5 23. Ng4 Bg7 24. Rd2 Nf4 25. Qd1 Ne6 26. Bc4 Rxd2 27.
Qxd2 Nd4 28. Bxd4 exd4 29. Qf4 Qd8 30. Nh6+ Bxh6 31. Qxf7+ Kh8 32. gxh6 {#r}
1-0

[Event "Mayors Cup Yerevan KO"]
[Site "masterchessopen.com Yerevan ARM"]
[Date "2017.01.31"]
[Round "1.2"]
[White "Petrosyan,M"]
[Black "Petrosian,TL"]
[Result "1-0"]
[WhiteElo "2550"]
[BlackElo "2592"]

1. d4 g6 2. e4 Bg7 3. Nc3 a6 4. Be3 b5 5. Qd2 Bb7 6. f3 d6 7. h4 h6 8. O-O-O
Nd7 9. Nge2 Nb6 10. Nf4 e6 11. g4 Ne7 12. Qf2 Qd7 13. Kb1 b4 14. Nce2 Nc4 15.
Bc1 e5 16. dxe5 Nxe5 17. h5 g5 18. Nd5 Nxd5 19. exd5 f5 20. gxf5 O-O-O 21. Nd4
Bxd5 22. Ne6 Bxe6 23. fxe6 Qxe6 24. f4 Ng4 25. Qa7 gxf4 26. Qxa6+ Kd7 27. Re1
Be5 28. Bh3 Rhg8 29. Rhg1 f3 30. Re4 Ra8 31. Qxa8 Rxa8 32. Bxg4 f2 33. Bxe6+
Kxe6 34. Rf1 Rf8 35. Re2 {#r} 1-0

[Event "22nd HIT Open 2017"]
[Site "masterchessopen.com Nova Gorica SLO"]
[Date "2017.01.29"]
[Round "5.3"]
[White "Plenca,Jadranko"]
[Black "Epishin,V"]
[Result "0-1"]
[WhiteElo "2424"]
[BlackElo "2571"]

1. e4 g6 2. d4 Bg7 3. Nf3 d6 4. Bc4 Nf6 5. Qe2 O-O 6. O-O c6 7. e5 Nd5 8. h3
dxe5 9. dxe5 Qc7 10. Re1 Rd8 11. a4 h6 12. Bd2 Be6 13. Nc3 Nd7 14. Nxd5 cxd5
15. Bd3 Nc5 16. Nd4 Bd7 17. a5 Be8 18. Bb4 Rdc8 19. Bxc5 Qxc5 20. c3 e6 21. f4
Rab8 22. Kh1 b5 23. axb6 Qxb6 24. Ra2 a5 25. Qg4 Qd8 26. h4 h5 27. Qh3 a4 28.
g4 a3 29. Rg1 axb2 30. Bb1 hxg4 31. Rxg4 Ra8 32. Rxa8 Rxa8 33. h5 Ra1 34. Rg1
Qc8 35. hxg6 fxg6 36. Nxe6 d4 37. cxd4 Rxb1 38. Rxb1 Qc2 39. Qf1 Bc6+ 40. Kg1
Be4 41. Re1 Bh6 {#R} 0-1

[Event "22nd HIT Open 2017"]
[Site "masterchessopen.com Nova Gorica SLO"]
[Date "2017.01.30"]
[Round "6.10"]
[White "Dobrovoljc,Vid"]
[Black "Zamar Kodelja,Jurij"]
[Result "1-0"]
[WhiteElo "2297"]
[BlackElo "2214"]

1. e4 g6 2. d4 Bg7 3. Nc3 d6 4. f4 a6 5. Nf3 b5 6. Bd3 Nd7 7. e5 c5 8. Be4 Rb8
9. O-O Nh6 10. d5 f5 11. Ng5 Nb6 12. Bf3 dxe5 13. fxe5 Bxe5 14. Qe2 Qc7 15.
Ne6 Bxe6 16. Bxh6 Bf7 17. Rfe1 Bxh2+ 18. Kh1 Bd6 19. a4 b4 20. a5 Nc8 21. Nd1
Rb5 22. Ne3 Bg3 23. Nc4 Bxe1 24. Rxe1 Qg3 25. Kg1 Qh4 26. Bg7 Rg8 27. Be5 Kf8
28. g3 Qg5 29. d6 exd6 30. Nxd6 Nxd6 31. Bxd6+ Kg7 {#r} 1-0

[Event "25th Fajr Open 2017"]
[Site "masterchessopen.com Sareyn IRI"]
[Date "2017.01.31"]
[Round "5.6"]
[White "Soozankar,A"]
[Black "Mousavi,Se"]
[Result "0-1"]
[WhiteElo "2302"]
[BlackElo "2422"]

1. e4 c6 2. Nc3 g6 3. d4 Bg7 4. Nf3 d6 5. a4 Nf6 6. Be2 O-O 7. O-O Qc7 8. h3
e5 9. Bg5 Nbd7 10. Qd2 Re8 11. dxe5 dxe5 12. Bh6 Nc5 13. Bxg7 Kxg7 14. Qe3 Ne6
15. Rfd1 Bd7 16. Bc4 Nf4 17. Ne2 b5 18. Bb3 Nxe2+ 19. Qxe2 a6 20. Rd2 c5 21.
axb5 axb5 22. Rxa8 Rxa8 23. Bd5 Ra1+ 24. Kh2 c4 25. Qe3 b4 26. Ng5 Be8 27. Qe2
c3 28. bxc3 bxc3 29. Rd1 Rxd1 30. Qxd1 Qd8 31. f4 Nh5 32. Qe1 Nxf4 33. Qh4 h6
34. Bxf7 hxg5 {#R} 0-1

[Event "ch-MDA 2017"]
[Site "masterchessopen.com Chisinau MDA"]
[Date "2017.01.28"]
[Round "1.1"]
[White "Macovei,Andrei"]
[Black "Sanduleac,V"]
[Result "0-1"]
[WhiteElo "2373"]
[BlackElo "2411"]

1. e4 g6 2. d4 Bg7 3. Nc3 d6 4. f4 a6 5. Nf3 Bg4 6. Be3 Nd7 7. Bc4 e6 8. O-O
Ne7 9. h3 Bxf3 10. Qxf3 O-O 11. Bb3 c5 12. dxc5 Nxc5 13. Rad1 Qc7 14. Rf2 Rad8
15. Rfd2 b5 16. Bd4 Nxb3 17. cxb3 Bxd4+ 18. Rxd4 b4 19. Na4 a5 20. Rc4 Qb8 21.
Rdc1 d5 22. exd5 Rxd5 23. Nc5 Nf5 24. Nd3 Qd8 25. Ne5 Rd2 26. Nc6 Qd6 27. R1c2
Rd3 28. Qe4 Re3 {#R} 0-1

[Event "Turkish Cup 2017"]
[Site "masterchessopen.com Antalya TUR"]
[Date "2017.01.31"]
[Round "5.7"]
[White "Yazici,Ugur Doga"]
[Black "Yilmazyerli,M"]
[Result "0-1"]
[WhiteElo "2094"]
[BlackElo "2454"]

1. e4 g6 2. d4 Bg7 3. Nc3 d6 4. Bg5 a6 5. Qd2 b5 6. a4 b4 7. Nd5 a5 8. c3 c6
9. Ne3 Nf6 10. Bd3 O-O 11. Ne2 e5 12. O-O Nxe4 13. Bxe4 Qxg5 14. cxb4 d5 15.
Bc2 axb4 16. Qxb4 Ba6 17. Rfe1 Bxe2 18. Rxe2 exd4 19. Nf1 Na6 20. Qd6 Rfd8 21.
Qa3 c5 22. Rae1 c4 23. Re7 Bf8 {#R} 0-1

[Event "PRO League Eastern 2017"]
[Site "masterchessopen.com chess.com INT"]
[Date "2017.02.01"]
[Round "4"]
[White "Borisek,J"]
[Black "Oberholzer,Francois"]
[Result "1-0"]
[WhiteElo "2565"]
[BlackElo "2034"]

1. e4 d6 2. d4 g6 3. Nc3 Bg7 4. f4 a6 5. Nf3 b5 6. Bd3 Nd7 7. Be3 Bb7 8. e5
Nh6 9. Qe2 O-O 10. a4 b4 11. Ne4 Rc8 12. c3 c5 13. O-O cxd4 14. cxd4 dxe5 15.
dxe5 Ng4 16. Bd4 f5 17. Neg5 Rc6 18. Bc4+ Kh8 19. Ne6 Rxe6 20. Bxe6 Nb6 21.
Rfd1 Nd5 22. Bxd5 Qxd5 23. h3 Nh6 24. e6 Bxd4+ 25. Rxd4 Qc5 26. Qe5+ Qxe5 27.
Nxe5 Ng8 28. Rc1 Rc8 29. Rxc8 Bxc8 30. Rxb4 Bxe6 31. Rb6 Bc8 32. b4 Kg7 33.
Rb8 Be6 34. Ra8 Nf6 35. Rxa6 Bd5 36. b5 Nh5 37. Nd3 Be4 38. Nc5 Bd5 39. b6
Nxf4 40. b7 {#r} 1-0

[Event "PRO League Eastern 2017"]
[Site "masterchessopen.com chess.com INT"]
[Date "2017.02.01"]
[Round "4"]
[White "Pavasovic,D"]
[Black "Oberholzer,Francois"]
[Result "1-0"]
[WhiteElo "2548"]
[BlackElo "2034"]

1. e4 d6 2. d4 g6 3. Nc3 Bg7 4. f4 a6 5. Nf3 b5 6. Be3 Bb7 7. Bd3 Nd7 8. e5
Nh6 9. Qe2 c5 10. dxc5 dxc5 11. Be4 Bxe4 12. Nxe4 Nf5 13. Bf2 Qc7 14. g4 Nh6
15. Nfg5 O-O 16. O-O Qc6 17. Rad1 Rad8 18. Qf3 Qc8 19. Qg2 c4 20. h3 Nb8 21.
Bb6 Rxd1 22. Rxd1 f6 23. exf6 exf6 24. Nd6 Qc6 25. Qxc6 Nxc6 26. Ne6 Rb8 27.
Bc7 Ra8 28. a4 Nf7 29. axb5 axb5 30. Nxb5 Nb4 31. Rd7 Bf8 32. Nxf8 Kxf8 33.
Nd6 Nh6 34. Rxh7 Nd5 35. Rxh6 Nxc7 36. Rh8+ Ke7 37. Rxa8 Kxd6 38. Rg8 Nd5 39.
Rxg6 Ke7 40. f5 Ne3 41. Rg7+ Kf8 42. Rc7 Ke8 43. b4 cxb3 44. cxb3 {#r} 1-0

[Event "PRO League Pacific 2017"]
[Site "masterchessopen.com chess.com INT"]
[Date "2017.02.01"]
[Round "4"]
[White "Li,Ruifeng"]
[Black "Nagle,S"]
[Result "1-0"]
[WhiteElo "2564"]
[BlackElo "2423"]

1. e4 g6 2. d4 Bg7 3. Nc3 d6 4. Bg5 a6 5. Nf3 b5 6. a4 b4 7. Nd5 Bb7 8. Bd3
Nc6 9. c3 h6 10. Bd2 bxc3 11. bxc3 e6 12. Ne3 Nge7 13. O-O O-O 14. a5 Bc8 15.
Nc4 d5 16. Nce5 Nxe5 17. Nxe5 c5 18. exd5 cxd4 19. cxd4 Qxd5 20. Nf3 Bb7 21.
Rb1 Nf5 22. Re1 Nxd4 23. Be4 Qxe4 24. Rxe4 Bxe4 25. Nxd4 Bxb1 26. Nxe6 fxe6
27. Qxb1 Kh7 28. h4 Rab8 29. Qe4 Rf5 30. Bf4 Rb1+ 31. Qxb1 Rxf4 32. h5 {#r}
1-0

[Event "PRO League Pacific 2017"]
[Site "masterchessopen.com chess.com INT"]
[Date "2017.02.01"]
[Round "4"]
[White "Vovk,A"]
[Black "Gareev,T"]
[Result "0-1"]
[WhiteElo "2633"]
[BlackElo "2617"]

1. e4 g6 2. d4 Bg7 3. Nc3 d6 4. h3 Nd7 5. Nf3 e5 6. Be3 Ngf6 7. Qd2 O-O 8.
O-O-O Qe7 9. g4 exd4 10. Nxd4 Nxe4 11. Nxe4 Qxe4 12. Rg1 Nb6 13. Bg2 Qe8 14.
Qd3 c5 15. Ne2 Be6 16. b3 Rd8 17. Bxb7 Qe7 18. Bg2 d5 19. Qb5 d4 20. Bd2 d3
21. Nc3 c4 22. b4 dxc2 23. Kxc2 Rd3 24. Bf1 Rfd8 25. Rg3 Nd5 26. Ne4 Bd7 27.
Qxc4 Rxg3 28. Bg5 Ba4+ 29. Kc1 Qe5 30. Kd2 Ne3+ 31. Ke2 Bxd1+ {#R} 0-1

[Event "37th TCh-IND 2017"]
[Site "masterchessopen.com Bhopal IND"]
[Date "2017.02.04"]
[Round "4.2"]
[White "Lokesh,N"]
[Black "Deepan,C"]
[Result "0-1"]
[WhiteElo "2208"]
[BlackElo "2480"]

1. e4 g6 2. d4 Bg7 3. Nc3 a6 4. Be3 b5 5. Qd2 Bb7 6. f3 d6 7. a4 c6 8. Bd3 Nd7
9. Nge2 e5 10. d5 b4 11. dxc6 Bxc6 12. Na2 a5 13. Bc4 Nb6 14. Bxb6 Qxb6 15.
Qxd6 Ne7 16. O-O-O Ra7 17. Bb5 O-O 18. Qd3 Bxb5 19. Qxb5 Qf2 20. Kb1 Qxg2 21.
Nac1 Qxf3 22. Ng3 Qf6 23. Rhf1 Qc6 24. Qxc6 Nxc6 25. Rd6 Nd4 26. Nd3 Rc8 27.
Rf2 Rac7 28. Rd5 Nxc2 29. Rxa5 b3 30. Ne2 Bh6 31. Nc3 Na3+ 32. bxa3 Rxc3 33.
Rd5 Be3 34. Rf1 b2 35. Kxb2 Bd4 36. Nb4 Rc2+ 37. Kb1 Rb2+ {#R} 0-1

[Event "37th TCh-IND 2017"]
[Site "masterchessopen.com Bhopal IND"]
[Date "2017.02.05"]
[Round "5.1"]
[White "Satyapragyan,S"]
[Black "Deepan,C"]
[Result "0-1"]
[WhiteElo "2442"]
[BlackElo "2480"]

1. e4 g6 2. d4 Bg7 3. Nf3 d6 4. Bc4 Nf6 5. Qe2 O-O 6. O-O Nc6 7. e5 Nd7 8. e6
Nb6 9. exf7+ Kh8 10. Bb3 Bg4 11. c3 e5 12. dxe5 Nxe5 13. Nbd2 Nxf7 14. h3 Bd7
15. Ne4 Qe7 16. Re1 Rae8 17. Qf1 Ne5 18. Nxe5 Qxe5 19. Bd2 Qf5 20. Ng3 Qb5 21.
Be3 Qxf1+ 22. Nxf1 Na4 23. Re2 Nc5 24. Bc2 a5 25. Rd2 Ne4 26. Rdd1 Nxf2 27.
Rd4 Ne4 28. Rdd1 Nf6 29. a4 Nd5 30. Bc1 Nb6 31. Ne3 Nxa4 {#R} 0-1

[Event "37th TCh-IND 2017"]
[Site "masterchessopen.com Bhopal IND"]
[Date "2017.02.05"]
[Round "6.1"]
[White "Stany,G"]
[Black "Deepan,C"]
[Result "0-1"]
[WhiteElo "2500"]
[BlackElo "2480"]

1. e4 g6 2. d4 Bg7 3. Nc3 d6 4. Nf3 Nc6 5. h3 Nf6 6. Be3 O-O 7. d5 Nb8 8. Qd2
Re8 9. O-O-O c6 10. Bh6 Bh8 11. dxc6 Nxc6 12. Bc4 b5 13. Nxb5 Na5 14. Bxf7+
Kxf7 15. e5 Rb8 16. a4 a6 17. Ng5+ Kg8 18. exf6 Bxf6 19. Qd5+ e6 20. Qxd6
Bxb2+ 21. Kb1 Qxd6 22. Nxd6 Be5+ 23. Ka2 Rb2+ 24. Ka3 Rb6 25. Ndf7 Nc4+ 26.
Ka2 Rb2+ 27. Ka1 Bf6 28. c3 Rc2 29. Rd3 Bb7 30. Rhd1 Bd5 {#R} 0-1

[Event "TCh-LTU 2017"]
[Site "masterchessopen.com Lithuania LTU"]
[Date "2017.01.29"]
[Round "2.1"]
[White "Kalvaitis,S"]
[Black "Sulskis,S"]
[Result "0-1"]
[WhiteElo "2284"]
[BlackElo "2518"]

1. e4 g6 2. d4 Bg7 3. Nf3 d6 4. Be2 c5 5. dxc5 Qa5+ 6. c3 Qxc5 7. Na3 Nf6 8.
O-O O-O 9. Be3 Qa5 10. Nd2 Nbd7 11. f3 Qc7 12. c4 b6 13. Nb5 Qb8 14. Rc1 Bb7
15. Nb1 a6 16. Nd4 e6 17. Nc3 Re8 18. Qd2 d5 19. cxd5 exd5 20. Bf4 Qd8 21.
exd5 Nxd5 22. Nxd5 Nc5 23. Nc7 Qxd4+ 24. Qxd4 Bxd4+ 25. Kh1 Rxe2 26. Nxa8 Bxa8
27. Rfd1 Bxb2 28. Rb1 Ne6 29. Bh6 Bd4 30. Rbc1 Bb7 31. a4 Re5 32. h3 Rh5 33.
Bf4 Kg7 34. Bg3 a5 35. Rc4 Rxh3+ {#R} 0-1

[Event "Gibraltar Masters 2017"]
[Site "masterchessopen.com Caleta ENG"]
[Date "2017.01.31"]
[Round "8.55"]
[White "Tate,A"]
[Black "Narciso Dublan,M"]
[Result "0-1"]
[WhiteElo "2309"]
[BlackElo "2508"]

1. e4 d6 2. d4 Nf6 3. Nc3 g6 4. Be3 a6 5. f3 b5 6. h4 Nbd7 7. g4 h6 8. Qd2 Bg7
9. O-O-O Nb6 10. Bd3 h5 11. g5 Nfd7 12. d5 Nc5 13. Nge2 b4 14. Nb1 a5 15. Bb5+
Bd7 16. Bd4 O-O 17. Bxg7 Kxg7 18. Bxd7 Qxd7 19. b3 e6 20. dxe6 fxe6 21. f4 Qc6
22. Qd4+ Kh7 23. Nd2 a4 24. Kb1 axb3 25. cxb3 Qb5 26. Qe3 Ra3 27. Rc1 Rfa8 28.
Rc2 Qa6 29. Nc1 Nba4 30. Rh2 Nc3+ 31. Rxc3 bxc3 32. Nc4 Nxb3 33. axb3 Qxc4
{#R} 0-1

[Event "Portugal Open 2017"]
[Site "masterchessopen.com Lisbon POR"]
[Date "2017.02.05"]
[Round "3.6"]
[White "Kovalev,Vl"]
[Black "Carrasco Martinez,J"]
[Result "1-0"]
[WhiteElo "2598"]
[BlackElo "2352"]

1. e4 d6 2. d4 Nf6 3. Nc3 g6 4. Bg5 Bg7 5. Qd2 h6 6. Bf4 g5 7. Be3 Ng4 8. h4
Nxe3 9. Qxe3 g4 10. O-O-O Nc6 11. Nge2 h5 12. Kb1 e6 13. f4 gxf3 14. gxf3 Bh6
15. f4 Bd7 16. d5 Ne7 17. Bh3 e5 18. Qf3 Ng6 19. Bxd7+ Qxd7 20. f5 Nf4 21. Ng3
O-O-O 22. Nce2 Bg7 23. Nxf4 exf4 24. Nxh5 Be5 25. Nxf4 Rde8 26. Nd3 Bf6 27. h5
Qa4 28. Rde1 a5 29. h6 Rh7 30. Nf2 Reh8 31. Ng4 Bg5 32. f6 Qd7 33. e5 {#r} 1-0

[Event "25th Fajr Open 2017"]
[Site "masterchessopen.com Sareyn IRI"]
[Date "2017.02.04"]
[Round "11.8"]
[White "Sedaghati,M"]
[Black "Tsomaia,Nikoloz"]
[Result "1-0"]
[WhiteElo "2315"]
[BlackElo "2246"]

1. e4 d6 2. d4 Nf6 3. Nc3 e5 4. dxe5 dxe5 5. Qxd8+ Kxd8 6. Nf3 Bd6 7. Bc4 Be6
8. Bxe6 fxe6 9. Be3 Ke7 10. O-O-O a6 11. Nd2 b5 12. f3 Nc6 13. Nb3 Rhg8 14.
Kb1 Nh5 15. Rd2 Nf4 16. h4 Ng6 17. h5 Nf8 18. h6 g6 19. Rhd1 Nd7 20. Bg5+ Kf7
21. g3 Nb6 22. f4 b4 23. Rf2 exf4 24. Ne2 Rgf8 25. gxf4 Kg8 26. Rg2 Nc4 27.
Rgg1 a5 28. e5 a4 29. Nbd4 Nxd4 30. Rxd4 Nxe5 31. fxe5 Bc5 32. Rgd1 Bxd4 33.
Nxd4 Rf2 34. Nxe6 Re8 35. Nc5 Rxe5 36. Nd3 {#r} 1-0

[Event "ch-MDA 2017"]
[Site "masterchessopen.com Chisinau MDA"]
[Date "2017.02.01"]
[Round "5.1"]
[White "Hamitevici,V"]
[Black "Sanduleac,V"]
[Result "1-0"]
[WhiteElo "2479"]
[BlackElo "2411"]

1. Nf3 d6 2. d4 g6 3. e4 Bg7 4. c3 Nf6 5. Bd3 O-O 6. O-O c5 7. Re1 cxd4 8.
cxd4 Nc6 9. h3 Nd7 10. Be3 Qb6 11. Nc3 e5 12. Nd5 Qd8 13. Bg5 f6 14. Be3 exd4
15. Nxd4 Nc5 16. Bc2 Re8 17. Nb5 Ne6 18. Nxd6 Rf8 19. Bb3 Kh8 20. Nxc8 Qxc8
21. Rc1 Qe8 22. Qd3 Rd8 23. Qb5 Rd7 24. Ba4 f5 25. Rxc6 bxc6 26. Qxc6 Rff7 27.
exf5 Nd4 28. Qc1 Nxf5 29. Bd4 Qd8 30. Bxg7+ Nxg7 31. Bxd7 Rxd7 32. Ne3 Qa5 33.
b4 Qb6 34. Qc3 Rc7 35. Qb2 Rb7 36. Nc4 Qd8 37. Nd6 Re7 38. Rc1 {#r} 1-0

[Event "PRO League Atlantic 2017"]
[Site "masterchessopen.com chess.com INT"]
[Date "2017.02.01"]
[Round "4"]
[White "Noritsyn,N"]
[Black "Katz,Alexander R"]
[Result "1-0"]
[WhiteElo "2468"]
[BlackElo "2335"]

1. e4 d6 2. d4 Nf6 3. Nc3 g6 4. h3 Bg7 5. g4 O-O 6. Bg2 e5 7. Nge2 exd4 8.
Nxd4 Nc6 9. Nde2 Re8 10. O-O Be6 11. Be3 Bc4 12. Re1 Qd7 13. Ng3 h6 14. Qd2
Kh7 15. Rad1 Rad8 16. b3 Ba6 17. f4 Re6 18. Nd5 Ree8 19. c4 Ne7 20. Nb4 Qe6
21. Nxa6 bxa6 22. Qa5 Nc6 23. Qa4 Nb8 24. c5 dxc5 25. Bxc5 Rxd1 26. Rxd1 Nxg4
27. hxg4 Qxg4 28. Qxe8 Qxd1+ 29. Nf1 Nd7 30. Bf2 Nf6 31. Qxf7 Ng4 32. e5 Qe2
33. Bxa7 h5 34. Qxc7 h4 35. Qc4 Qxa2 36. Qd3 Kg8 37. Qd8+ Kf7 {#r} 1-0

[Event "PRO League Central 2017"]
[Site "masterchessopen.com chess.com INT"]
[Date "2017.02.01"]
[Round "4"]
[White "Bacrot,Alexandre"]
[Black "Balogun,Oluwafemi"]
[Result "1-0"]
[WhiteElo "2099"]
[BlackElo "2222"]

1. e4 d6 2. Nc3 Nf6 3. d4 g6 4. Be2 Bg7 5. Be3 O-O 6. Qd2 e5 7. dxe5 dxe5 8.
O-O-O Qxd2+ 9. Bxd2 c6 10. f3 Be6 11. Be3 Nbd7 12. Bd3 Rfe8 13. Nge2 Bf8 14.
Kb1 Bc5 15. Bxc5 Nxc5 16. Nc1 a5 17. Nb3 Nxb3 18. cxb3 Nd7 19. Bc4 Nc5 20.
Bxe6 Rxe6 21. Rd2 Kf8 22. Rhd1 b5 23. Ne2 Ke7 24. Nc1 Ra7 25. Nd3 Na6 26. Nf2
Nc5 27. Rc1 Rd7 28. Rdc2 Na6 29. Rxc6 Rxc6 30. Rxc6 Nb4 31. Rc1 Rd2 32. Rf1
Nc6 33. g3 Nd4 34. f4 Nf3 35. Ng4 Nxh2 36. Nxh2 Rxh2 37. fxe5 Re2 38. Rc1 h5
39. a3 a4 40. bxa4 bxa4 41. Rc4 g5 42. Rxa4 h4 43. gxh4 g4 44. Ra8 Rxe4 45.
Rg8 Ke6 46. Rg5 Kd5 47. Ka2 Kc4 48. h5 {#r} 1-0